000 00667nam a22001815i 4500
001 53443
003 ES-MaACL
005 20230906162752.0
007 t|
008 950927s1884 sp ||||1| spa d
040 _aCAM
_bspa
_cCAM
100 1 _aEstévez y Martínez, José.
_948172
245 1 0 _aDiscurso de recepción del académico José Estevez y Martínez ante la Academia Gaditana de Ciencias y Artes el 3 de agosto de 1884, sobre el origen y progresos de la ciencia económica.
260 _aCádiz :
_b[s.n.],
_c1884 (
_fOlea)
300 _a48 p. ;
_c20 cm.
710 2 _aReal Academia Gaditana de Ciencias y Letras.
_96340
852 _aES-MaACL
_jT-423-F-10
999 _c53443
_d53443